000
00220nam a22001097a 4500
082
_a
030
_b
DIS/U
245
_a
UNIVERSE
260
_a
NEW DELHI
_b
IMPULSE
300
_a
124
650
_a
GENERAL KNOWLEDGE
_z
INDIA
942
_c
BK
999
_c
2920
_d
2920